000 00413pab a2200169 454500
008 180718b1999 xxu||||| |||| 00| 0 eng d
100 _aPai Panandiker, D.H.
245 _aSecond green revolution
260 _c1999
300 _ap.13
362 _a12 Apr
650 _aAgriculture - India
650 _aAgricultural development
650 _aGreen revolution
773 _aHindustan Times
909 _a42275
999 _c42275
_d42275